UM Logo

A survey on the employment status among the UMDC Education graduates/ (Record no. 1557)

MARC details
000 -LEADER
fixed length control field 00518nam a22001457a 4500
008 - FIXED-LENGTH DATA ELEMENTS--GENERAL INFORMATION
fixed length control field 160405b xxu||||| |||| 00| 0 eng d
082 ## - DEWEY DECIMAL CLASSIFICATION NUMBER
Edition number 2004
Classification number UT 0005
Item number D17
100 ## - MAIN ENTRY--PERSONAL NAME
9 (RLIN) 4828
Personal name Dalumpines, Nova.
245 ## - TITLE STATEMENT
Title A survey on the employment status among the UMDC Education graduates/
Statement of responsibility, etc. Nova Dalumpines and Mark Anthony Regidor.
260 ## - PUBLICATION, DISTRIBUTION, ETC. (IMPRINT)
Place of publication, distribution, etc. Digos City:
Name of publisher, distributor, etc. UMDC
Date of publication, distribution, etc. October 2004.
300 ## - PHYSICAL DESCRIPTION
Extent 41 pages;
Dimensions 27 cm.
650 #0 - SUBJECT ADDED ENTRY--TOPICAL TERM
9 (RLIN) 4835
Topical term or geographic name as entry element Education
General subdivision Undergraduate thesis.
700 ## - ADDED ENTRY--PERSONAL NAME
9 (RLIN) 4838
Personal name Regidor, Mark Anthony.
942 ## - ADDED ENTRY ELEMENTS (KOHA)
Source of classification or shelving scheme Dewey Decimal Classification
Koha item type Undergraduate Thesis
Holdings
Withdrawn status Lost status Source of classification or shelving scheme Damaged status Not for loan Collection code Home library Current library Date acquired Total Checkouts Full call number Barcode Date last seen Copy number Price effective from Koha item type
    Dewey Decimal Classification     Undergraduate Theses UM Digos College - LIC UM Digos College - LIC 04/05/2016   UT 0005 D17 2004 UT0005 04/05/2016 1 04/05/2016 Undergraduate Thesis
    Dewey Decimal Classification     Undergraduate Theses UM Digos College - LIC UM Digos College - LIC 04/05/2016   UT 0005 D17 2004 UT0006 04/05/2016 2 04/05/2016 Undergraduate Thesis